000 00293nam a22001337a 4500
008 171127b xxu||||| |||| 00| 0 eng d
020 _a9780131464506
041 _aeng
080 _a311
100 _a55
101 _aSTA
245 _aFUNDAMENTALS STATISTICS
_cMICHAEL.S
942 _2udc
_cBK
999 _c38532
_d38532